The software project manager's bridge to agility / (Record no. 11548)
[ view plain ]
| 000 -LEADER | |
|---|---|
| fixed length control field | 01324cam a2200361 a 4500 |
| 001 - CONTROL NUMBER | |
| control field | 15192695 |
| 005 - DATE AND TIME OF LATEST TRANSACTION | |
| control field | 20160503143322.0 |
| 008 - FIXED-LENGTH DATA ELEMENTS--GENERAL INFORMATION | |
| fixed length control field | 080225t2008 njua frbd 001 0 eng d |
| 010 ## - LIBRARY OF CONGRESS CONTROL NUMBER | |
| LC control number | 2008008524 |
| 015 ## - NATIONAL BIBLIOGRAPHY NUMBER | |
| National bibliography number | GBA874223 |
| Source | bnb |
| 016 7# - NATIONAL BIBLIOGRAPHIC AGENCY CONTROL NUMBER | |
| Record control number | 014634265 |
| Source | Uk |
| 020 ## - INTERNATIONAL STANDARD BOOK NUMBER | |
| International Standard Book Number | 0321502752 (pbk. : alk. paper) |
| 020 ## - INTERNATIONAL STANDARD BOOK NUMBER | |
| International Standard Book Number | 9780321502759 (pbk. : alk. paper) |
| 035 ## - SYSTEM CONTROL NUMBER | |
| System control number | (OCoLC)191927037 |
| 040 ## - CATALOGING SOURCE | |
| Original cataloging agency | DLC |
| Transcribing agency | DLC |
| Modifying agency | EG-ScBUE |
| Language of cataloging | eng |
| 082 00 - DEWEY DECIMAL CLASSIFICATION NUMBER | |
| Classification number | 005.1068 |
| Edition number | 22 |
| Item number | SLI |
| 100 1# - MAIN ENTRY--PERSONAL NAME | |
| Personal name | Sliger, Michele, |
| Dates associated with a name | 1964- |
| 9 (RLIN) | 4804 |
| 245 14 - TITLE STATEMENT | |
| Title | The software project manager's bridge to agility / |
| Statement of responsibility, etc | Michele Sliger, Stacia Broderick. |
| 260 ## - PUBLICATION, DISTRIBUTION, ETC. (IMPRINT) | |
| Place of publication, distribution, etc | Upper Saddle River : |
| Name of publisher, distributor, etc | Addison-Wesley, |
| Date of publication, distribution, etc | c.2008. |
| 300 ## - PHYSICAL DESCRIPTION | |
| Extent | xxv, 353 p. : |
| Other physical details | ill. ; |
| Dimensions | 24 cm. |
| 490 1# - Series Statement | |
| Series statement | The agile software development series |
| 500 ## - GENERAL NOTE | |
| General note | Glossary : p. 321-326. |
| 500 ## - GENERAL NOTE | |
| General note | Index : p. 333-353. |
| 504 ## - BIBLIOGRAPHY, ETC. NOTE | |
| Bibliography, etc | Bibliography : p. 327-332. |
| 650 #0 - SUBJECT ADDED ENTRY--TOPICAL TERM | |
| Topical term or geographic name as entry element | Computer software |
| General subdivision | Development |
| -- | Management. |
| 9 (RLIN) | 4806 |
| Source of heading or term | BUEsh |
| 651 ## - SUBJECT ADDED ENTRY--GEOGRAPHIC NAME | |
| Source of heading or term | BUEsh |
| 653 ## - INDEX TERM--UNCONTROLLED | |
| Resource For college | Informatics and Computer Science |
| Arrived date list | June2015 |
| -- | October2015 |
| 650 #0 - SUBJECT ADDED ENTRY--TOPICAL TERM | |
| 9 (RLIN) | 4807 |
| Topical term or geographic name as entry element | Agile software development |
| Source of heading or term | BUEsh |
| 700 1# - ADDED ENTRY--PERSONAL NAME | |
| Personal name | Broderick, Stacia, |
| Dates associated with a name | 1974- |
| 9 (RLIN) | 4808 |
| 830 #4 - SERIES ADDED ENTRY--UNIFORM TITLE | |
| Uniform title | The agile software development series |
| 9 (RLIN) | 4805 |
| 942 ## - ADDED ENTRY ELEMENTS (KOHA) | |
| Source of classification or shelving scheme | Dewey Decimal Classification |
| Item type | Book - Borrowing |
| Withdrawn status | Item status | Source of classification or shelving scheme | Damaged status | Not for loan | Vendor | Home library | Current library | Shelving location | Date acquired | Source of acquisition | Cost, normal purchase price | Serial Enumeration / chronology | Total Checkouts | Total Renewals | Full call number | Barcode | Date last seen | Date last borrowed | Koha item type | Cost, replacement price |
|---|---|---|---|---|---|---|---|---|---|---|---|---|---|---|---|---|---|---|---|---|
| Dewey Decimal Classification | Alahram | Central Library | Central Library | Lower Floor | 19/05/2009 | 247.00 | 366 | 1 | 1 | 005.1068 SLI | 000016301 | 15/07/2025 | 06/04/2010 | Book - Borrowing | ||||||
| Dewey Decimal Classification | Alahram | Central Library | Central Library | Lower Floor | 24/06/2015 | Purchase | 247.00 | 311 | 005.1068 SLI | 000038797 | 15/07/2025 | Book - Borrowing | 308.75 |